Jugadores del Real Madrid que marcaron gol en la 24-25 - Estadísticas

Estadísticas generales
  • Esta prueba ha sido intentada 121 veces
  • La puntuación promedio es 12 de 18
Answers on the Grid
Answers color-coded by a green-red scale on the quiz's grid according to % correct below.
Rudiger
Carvajal
Lucas Vázquez
Mendy
Militao
Fran García
Alaba
Asencio
Jacobo Ramón
Jesús Vallejo
Bellingham
Valverde
Tchouaméni
Modric
Camavinga
Ceballos
Mbappé
Vinícius Jr
Rodrygo
Brahim Díaz
Arda Güler
Gonzalo García
Endrick
Víctor Muñoz
 
Estadísticas de respuestas
Respuesta % Correcto
Mbappé
86%
Vinícius Jr
84%
Rudiger
81%
Rodrygo
80%
Bellingham
79%
Arda Güler
76%
Modric
76%
Valverde
76%
Brahim Díaz
75%
Endrick
74%
Gonzalo García
65%
Lucas Vázquez
62%
Jacobo Ramón
56%
Tchouaméni
56%
Carvajal
52%
Camavinga
47%
Fran García
47%
Militao
33%
No se encontraron pruebas coincidentes
Distribución de puntuación
Porcentaje de gente con cada puntuación
Porcentaje por número respondido
Historial de tus puntuaciones
No has intentado esta prueba.